Statistics for All-EuroLeague First Team 2000-2024

Click here to take the quiz!

General Stats

  • This quiz has been taken 323 times
    (7 since last reset)
  • The average score is 53 of 116

Answer Stats

SeasonPosTeamCountyPlayer% Correct
2023-24PGReal MadridARGFacundo Campazzo
100%
2017–18SGReal MadridSLOLuka Dončić
100%
2012–13SFReal MadridESPRudy Fernández
100%
2013–14SFReal MadridESPRudy Fernández
100%
2016–17SGReal MadridESPSergio Llull
100%
2004–05SGMaccabiUSAAnthony Parker
80%
2005–06SGMaccabiUSAAnthony Parker
80%
2022-23SGReal MadridBIHDžanan Musa
80%
2021-22PFBarcelonaESPNikola Mirotić
80%
2020-21PFBarcelonaESPNikola Mirotić
80%
2021-22SFOlympiacosBULSasha Vezenkov
80%
2022-23SFOlympiacosBULSasha Vezenkov
80%
2013–14PGReal MadridESPSergio Rodríguez
80%
2021-22CReal MadridCPVWalter Tavares
80%
2022-23CReal MadridCPVWalter Tavares
80%
2020-21CReal MadridCPVWalter Tavares
80%
2016–17SGFenerbahçeSRBBogdan Bogdanović
60%
2018–19CZalgirisUSABrandon Davies
60%
2016–17CFenerbahçeUSAEkpe Udoh
60%
2018–19PFFenerbahçeCZEJan Veselý
60%
2017–18PFFenerbahçeCZEJan Veselý
60%
2015–16PFFenerbahçeCZEJan Veselý
60%
2006–07SGBarcelonaESPJuan Carlos Navarro
60%
2008–09SGBarcelonaESPJuan Carlos Navarro
60%
2009–10SGBarcelonaESPJuan Carlos Navarro
60%
2010–11SGBarcelonaESPJuan Carlos Navarro
60%
2005–06SGBarcelonaESPJuan Carlos Navarro
60%
2023-24SGPanathinaikosUSAKendrick Nunn
60%
2018–19SGFenerbahçeGREKostas Sloukas
60%
2009–10SF/PFOlympiacosLTULinas Kleiza
60%
2022-23PGMaccabiUSALorenzo Brown
60%
2003–04SGCSKA MoscowUSAMarcus Brown
60%
2023-24CPanatinaikosFRAMathias Lessort
60%
2022-23CPartizanFRAMathias Lessort
60%
2023-24PGMonacoUSAMike James
60%
2021-22PGMonacoUSAMike James
60%
2015–16PGCSKA MoscowSRBMiloš Teodosić
60%
2009–10PGOlympiacosSRBMiloš Teodosić
60%
2014–15PGCSKA MoscowSRBMiloš Teodosić
60%
2015–16SGCSKA MoscowFRANando de Colo
60%
2017–18SGCSKA MoscowFRANando de Colo
60%
2016–17SGCSKA MoscowFRANando de Colo
60%
2018–19PGPanathinaikosGRENick Calathes
60%
2017–18PGPanathinaikosGRENick Calathes
60%
2023-24SFFenerbahceUSANigel Hayes-Davis
60%
2021-22SGAnadolu EfesTURShane Larkin
60%
2017–18PFBaskoniaGEOTornike Shengelia
60%
2020-21PGAnadolu EfesSRBVasilije Micić
60%
2014–15SGOlympiacosGREVassilis Spanoulis
60%
2012–13SGOlympiacosGREVassilis Spanoulis
60%
2011–12SGOlympiacosGREVassilis Spanoulis
60%
2020-21SFBayern MunichSRBVladimir Lučić
60%
2018–19SFCSKA MoscowUSAWill Clyburn
60%
2011–12PFCSKA MoscowRUSAndrei Kirilenko
40%
2003–04CŽalgirisLTUArvydas Sabonis
40%
2014–15CCrvena zvezdaSRBBoban Marjanović
40%
2001–02SG/SFPanathinaikosSRBDejan Bodiroga
40%
2002–03SG/SFBarcelonaSRBDejan Bodiroga
40%
2003–04SG/SFBarcelonaSRBDejan Bodiroga
40%
2010–11PGPanathinaikosGREDimitris Diamantidis
40%
2006–07PGPanathinaikosGREDimitris Diamantidis
40%
2012–13PGPanathinaikosGREDimitris Diamantidis
40%
2011–12PGPanathinaikosGREDimitris Diamantidis
40%
2014–15PF/CReal MadridESPFelipe Reyes
40%
2016–17PFOlympiacosGREGeorgios Printezis
40%
2020-21SGZenit St. PetersburgCANKevin Pangos
40%
2006–07PF/CBaskoniaARGLuis Scola
40%
2005–06PFBaskoniaARGLuis Scola
40%
2001–02SG/SFVirtus BolognaARGManu Ginóbili
40%
2014–15SF/PFFenerbahçeSRBNemanja Bjelica
40%
2008–09CPanathinaikosMNENikola Peković
40%
2007–08SG/SFCSKA MoscowLTURamūnas Šiškauskas
40%
2003–04PGMaccabiLTUŠarūnas Jasikevičius
40%
2004–05PGMaccabiLTUŠarūnas Jasikevičius
40%
2010–11CMaccabiGRESofoklis Schortsanitis
40%
2009–10CPartizan BelgradeAUSAleks Marić
20%
2002–03SG/SFMontepaschi SienaUSAAlphonso Ford
20%
2000–01SG/SFPeristeriUSAAlphonso Ford
20%
2012–13CBarcelonaCROAnte Tomić
20%
2013–14CBarcelonaCROAnte Tomić
20%
2004–05SGBaskoniaLTUArvydas Macijauskas
20%
2004–05CCSKA MoscowAUSDavid Andersen
20%
2000–01PF/CBudućnostSRBDejan Tomašević
20%
2001–02PF/CBaskoniaSRBDejan Tomašević
20%
2000–01SG/SFSt. Petersburg LionsUSADerrick Hamilton
20%
2011–12PFBarcelonaSLOErazem Lorbek
20%
2010–11SG/SFBaskoniaESPFernando San Emeterio
20%
2000–01PF/CFortitudo BolognaITAGregor Fučka
20%
2008–09PG/SGBaskoniaSRBIgor Rakočević
20%
2015–16CLaboral KutxaGREIoannis Bourousis
20%
2008–09COlympiacosGREIoannis Bourousis
20%
2002–03PFBasket TrevisoESPJorge Garbajosa
20%
2013–14SGOlimpia MilanoUSAKeith Langford
20%
2000–01PGScaligera BasketUSALouis Bullock
20%
2015–16PGLokomotiv KubanUSAMalcolm Delaney
20%
2001–02PGVirtus BolognaSRBMarko Jarić
20%
2010–11PF/CPanathinaikosUSAMike Batiste
20%
2003–04PFCSKA MoscowTURMirsad Türkcan
20%
2012–13CCSKA MoscowSRBNenad Krstić
20%
2011–12CCSKA MoscowSRBNenad Krstić
20%
2004–05CMaccabiCRONikola Vujčić
20%
2006–07CMaccabiCRONikola Vujčić
20%
2005–06CMaccabiCRONikola Vujčić
20%
2013–14SG/SFCSKA MoscowUSASonny Weems
20%
2007–08PF/CMaccabiUSATerence Morris
20%
2007–08PGMontepaschi SienaUSATerrell McIntyre
20%
2008–09PGMontepaschi SienaUSATerrell McIntyre
20%
2005–06PGCSKA MoscowGRETheo Papaloukas
20%
2006–07PGCSKA MoscowGRETheo Papaloukas
20%
2007–08CBaskoniaBRATiago Splitter
20%
2006–07SGCSKA MoscowUSATrajan Langdon
20%
2007–08SGCSKA MoscowUSATrajan Langdon
20%
2001–02PGBasket TrevisoUSATyus Edney
20%
2002–03PGBasket TrevisoUSATyus Edney
20%
2002–03CCSKA MoscowUSAVictor Alexander
20%
2009–10SF/PFCSKA MoscowRUSVictor Khryapa
20%

Score Distribution

Percentile by Number Answered

Percent of People with Each Score

Your Score History

You have not taken this quiz since the last reset